| 000 | 00449pab a2200169 454500 | ||
|---|---|---|---|
| 008 | 180718b2013 xxu||||| |||| 00| 0 eng d | ||
| 100 | _aFrancis, Smitha | ||
| 245 | _aIndia's comprehensive trade agreements: Implications for developing trajectory | ||
| 260 | _c2013 | ||
| 300 | _ap.109-122. | ||
| 362 | _a3 Aug | ||
| 650 | _aTrade | ||
| 700 | _aKallummal, Murali | ||
| 773 | _aEconomic and Political Weekly | ||
| 908 | _aN | ||
| 909 | _a101361 | ||
| 999 |
_c101359 _d101359 |
||